История России - Statistics

General Stats
  • This quiz has been taken 1 475 times
    342 since last reset
  • The average score is 8 of 20
Answer Stats
Вопрос Ответ % Correct
Как звали русскую княгиню, которая первой приняла крещение на Руси? Ольга
97%
Кто является основателем Москвы? Юрий Долгорукий
76%
В каком году Российская империя вступила в Первую мировую войну? 1914
64%
В каком году был создан СССР? 1922
64%
В каком году произошло восстание декабристов? 1825
55%
Кому приписывается фраза «Кто с мечом к нам придёт, от меча и погибнет?» Александр Невский
53%
Кто является последним царем всея Руси и первым Императором Всероссийским? Пётр I
53%
Сколько Лжедмитриев перетерпела Россия во времена Смуты? 5
52%
В каком году Россия подписала Ништадтский мир, завершивший Северную войну? 1721
50%
В каком году в Москве были проведены летние Олимпийские игры? 1980
39%
Как называется период в истории России, когда первым секретарём ЦК КПСС стал Никита Хрущёв? Оттепель
32%
В каком году в Русском царстве было учреждено патриаршество? 1589
30%
При посещении какой страны произошло покушение на Николая II, в котором он получил ранения? Япония
27%
Какая революционная организация убила Александра II в 1881 году? Народная воля
24%
Кто командовал немецкой группировкой в Сталинградской битве? Фридрих Паулюс
24%
Как назывался союз России, Пруссии и Австрии, созданный для поддержания международного порядка? Священный союз
23%
Какой город был одновременно столицей Северо-Осетинской и Ингушской республик с 1924 по 1934 год? Владикавказ
18%
Как называлась первая печатная газета в России, издаваемая Пётром I с 1703 года? «Ведомости»
16%
Кто принимал парад на Красной Площади 7 ноября 1941 года? Семён Будённый
12%
Кто был автором реформы местного управления, известной как «земская реформа» 1864 года? Николай Милютин
8%
No matching quizzes found
Score Distribution
Percent of People with Each Score
Percentile by Number Answered
Your Score History
You have not taken this quiz since the last reset